Automotive technology a system approach (Record no. 569628)

000 -LEADER
fixed length control field 00830nam a22001937a 4500
003 - CONTROL NUMBER IDENTIFIER
control field CEME
005 - DATE AND TIME OF LATEST TRANSACTION
control field 20210628202405.0
008 - FIXED-LENGTH DATA ELEMENTS--GENERAL INFORMATION
fixed length control field 210122b xxu||||| |||| 00| 0 eng d
020 ## - INTERNATIONAL STANDARD BOOK NUMBER
International Standard Book Number 0-7668-0673-1
040 ## - CATALOGING SOURCE
Transcribing agency .
082 ## - DEWEY DECIMAL CLASSIFICATION NUMBER
Classification number 629.287 ERJ
100 ## - MAIN ENTRY--PERSONAL NAME
Personal name Erjavec, Jack
9 (RLIN) 59718
245 ## - TITLE STATEMENT
Title Automotive technology a system approach
250 ## - EDITION STATEMENT
Edition statement 3RD
260 ## - PUBLICATION, DISTRIBUTION, ETC.
Place of publication, distribution, etc. SINGAPORE
Name of publisher, distributor, etc. THOMSON LEARNING
Date of publication, distribution, etc. 2000
300 ## - PHYSICAL DESCRIPTION
Extent XXIX,1343 P
650 ## - SUBJECT ADDED ENTRY--TOPICAL TERM
Topical term or geographic name entry element AUTOMOBILES- MAINTENANCE AND REPAIR. AUTOMOTIVE TECHNOLOGY.AUTOMOTIVE ENGINES.ELECTRICAL SYSTEMS OF AUTOMOBILES.BATTERIES.ENGINE PERFORMANCE.IGNITION SYSTEMS.FUEL SYSTEMS.CARBURETORS.EFI.ELECTRONIC FUEL INJECTION.EMISSION CONTROL SYSTEMS.SUSPENSION SYSTEMS.STEERING SYTEMS.BRAKES.BRAKE SYSTEMS.DRUM BRAKES.DISC BRAKES.ANTILOCK BRAKE SYSTEMS.PASSENGER COMFORT.
9 (RLIN) 59719
942 ## - ADDED ENTRY ELEMENTS (KOHA)
Koha item type Book
Source of classification or shelving scheme
Holdings
Withdrawn status Lost status Damaged status Not for loan Permanent Location Current Location Shelving location Date acquired Total Checkouts Full call number Barcode Date last seen Price effective from Koha item type
        College of Electrical & Mechanical Engineering (CEME) College of Electrical & Mechanical Engineering (CEME) General Stacks 07/18/2017   629.287 ERJ CEME-41430 06/28/2021 06/28/2021 Book
© 2023 Central Library, National University of Sciences and Technology. All Rights Reserved.